Deutsch mit vater und sohn (Record no. 59950)

MARC details
000 -LÍDER
campo de controle de tamanho fixo 00383 a2200157 4500
001 - NÚMERO DE CONTROLE
campo de controle 59950
020 ## - ISBN - INTERNATIONAL STANDARD BOOK NUMBER
ISBN - International Standard Book Number 9783190016365
040 ## - FONTE DA CATALOGAÇÃO
Instituição que transcreveu o registro Anchieta - Pituba
100 ## - ENTRADA PRINCIPAL--NOME PESSOAL
Nome pessoal Eppert, Franz
240 10 - TÍTULO UNIFORME
Título uniforme Deutsch mit vater und sohn
Idioma da obra por
245 10 - TÍTULO
Título Deutsch mit vater und sohn
300 ## - DESCRIÇÃO FÍSICA
Extensão 90
362 0# - DATAS DE PUBLICAÇÃO E/OU DESIGNAÇÃO SEQUENCIAL
Datas de publicação e/ou designação sequencial 2001
650 #4 - ASSUNTO--TERMO TÓPICO
Cabeçalho tópico ou nome geográfico Línguas germânicas (teutônicas) língua alemã
942 ## - ELEMENTOS DE ENTRADA ADICIONADOS (KOHA)
Tipo de material Koha Livros
Holdings
Situação do descarte Situação das perdas Situação física Não pode ser emprestado Biblioteca de origem Biblioteca atual Data de aquisição Total de empréstimos Número de chamada completo Código de barras Data de último acesso Data do preço efetivo Tipo de material Koha
        Colégio Anchieta - Pituba Colégio Anchieta - Pituba 21/11/2023   430 E64d EPP DEU 11442/PIT 21/11/2023 21/11/2023 Livros
        Colégio Anchieta - Pituba Colégio Anchieta - Pituba 21/11/2023   430 E64d EPP DEU 11443/PIT 21/11/2023 21/11/2023 Livros